000 00391nam a2200133Ia 4500
008 220216s9999 xx 000 0 und d
100 _aNapper R P N
245 4 _aThe effects of certain fungicides on the viability of hevea buds
260 _bRubber Research Institute of Malaya Quarterly Journal
_c1930
300 _a192-213
650 _aFungicides
650 _aHevea buds
942 _cJS
999 _c70657
_d70657